Wrox's SQL server 2005 : (Record no. 122777)
[ view plain ]
| 000 -LEADER | |
|---|---|
| fixed length control field | 00603cam a2200193 4500 |
| 008 - FIXED-LENGTH DATA ELEMENTS--GENERAL INFORMATION | |
| fixed length control field | 141203n 000 0 eng u |
| 020 ## - INTERNATIONAL STANDARD BOOK NUMBER | |
| International Standard Book Number | 9780764589231 |
| 035 ## - SYSTEM CONTROL NUMBER | |
| System control number | (Sirsi) a186532 |
| 050 ## - LIBRARY OF CONGRESS CALL NUMBER | |
| Classification number | QA 76.9 GEO 2005 |
| 100 ## - MAIN ENTRY--PERSONAL NAME | |
| Personal name | George, Rajesh |
| 245 ## - TITLE STATEMENT | |
| Title | Wrox's SQL server 2005 : |
| Remainder of title | express edition starter kit / |
| Statement of responsibility, etc. | Rajesh George and Lance Delano. |
| 260 ## - PUBLICATION, DISTRIBUTION, ETC. | |
| Place of publication, distribution, etc. | Indianapolis : |
| Name of publisher, distributor, etc. | Wiley Publishing, |
| Date of publication, distribution, etc. | 2006. |
| 300 ## - PHYSICAL DESCRIPTION | |
| Extent | xxiv, 353 p. : |
| Other physical details | ill. |
| 504 ## - BIBLIOGRAPHY, ETC. NOTE | |
| Bibliography, etc. note | Includes index. |
| 650 ## - SUBJECT ADDED ENTRY--TOPICAL TERM | |
| Topical term or geographic name entry element | SQL server. |
| 650 ## - SUBJECT ADDED ENTRY--TOPICAL TERM | |
| Topical term or geographic name entry element | Client/server computing. |
| 650 ## - SUBJECT ADDED ENTRY--TOPICAL TERM | |
| Topical term or geographic name entry element | Database management. |
| 700 ## - ADDED ENTRY--PERSONAL NAME | |
| Personal name | Delano, Lance |
| Withdrawn status | Lost status | Source of classification or shelving scheme | Damaged status | Not for loan | Home library | Current library | Shelving location | Total Checkouts | Full call number | Barcode | Date last seen | Copy number | Price effective from | Koha item type |
|---|---|---|---|---|---|---|---|---|---|---|---|---|---|---|
| Library of Congress Classification | Main Library | Main Library | On Shelf | QA 76.9 GEO 2005 | 33729005257139 | 08/22/2019 | 1 | 08/22/2019 | Book |